LDR 00768naa#a2200181#i#450# 001 EN\INFRA-M\bibl\126049 005 20260704192845.6 011 ## _a2587-9111 100 ## _a20260617b2026####ek#y0engy0150####ca 102 ## _aRU 200 1# _aAnalysis of Factors and Threats Associated with the Development of Digital Transformation in the Banking Sector _eJournal article 210 1# _aMoscow _cINFRA-M Academic Publishing LLC. _d2026 215 ## _a5 с. 608 ## _aJournal article _2local 675 ## _aЭкономическая наука в целом. Проблематика экономической науки. Предмет и метод политической экономии. 330.101 _z 700 #1 _aShishkin _gAndrey N. 700 #1 _aMel'chikovi _gZ. L. 856 4# _anaukaru.ru _u